00422nam a2200193Ia 4500003000900000008004100009040001300050040001300063041000800076100001800084245001900102250002300121260002100144260000900165300001100174300001000185490002700195490000600222IT-RoPAU120407s9999 xx 000 0 und d aIT-RoPAU cIT-RoPAU aita aAlaiz Atilano aVivere la vita aCinisello Balsamo  aEdizioni Paoline c1993 a153 p. c20 cm aFelici di vivere, 23 v1